[Event "RM-2020-0-00196"]
[Site "LSS email"]
[Date "2020.01.21"]
[Round "?"]
[White "Aberbach Peltzman, Angel Sergio"]
[Black "Zlotkowski, Arkadiusz"]
[Result "1/2-1/2"]
[WhiteElo "2334"]
[BlackElo "2300"]
[PlyCount "47"]
[EventDate "2020.01.18"]
[EventType "tourn (corr)"]
[EventRounds "6"]
[EventCountry "GER"]
[SourceTitle "Corr 2022"]
[Source "ChessBase"]
[SourceDate "2021.10.24"]
[SourceVersion "1"]
[SourceVersionDate "2021.10.24"]
[SourceQuality "1"]

1. d4 d5 2. Bf4 c5 3. e3 Nc6 4. c3 Nf6 5. Nd2 Qb6 6. Qb3 g6 7. Ngf3 c4 8. Qc2 Bf5 9. Qc1 Nh5 10. Bg3 Nxg3 11. hxg3 Bg7 12. Be2 h5 13. e4 Bxe4 14. Nxe4 dxe4 15. Nd2 Bh6 16. Qc2 f5 17. f4 0-0-0 18. Nxc4 Qc7 19. 0-0-0 e6 20. Qb3 Kb8 21. Kb1 Rhg8 22. Ne5 Rd6 23. Bb5 Na5 24. Qb4 1/2-1/2

[Event "RM-2020-0-00196"]
[Site "LSS email"]
[Date "2020.01.21"]
[Round "?"]
[White "Zlotkowski, Arkadiusz"]
[Black "Wernikiewicz, Zbigniew"]
[Result "1/2-1/2"]
[WhiteElo "2300"]
[BlackElo "2300"]
[PlyCount "55"]
[EventDate "2020.01.18"]
[EventType "tourn (corr)"]
[EventRounds "6"]
[EventCountry "GER"]
[SourceTitle "Corr 2022"]
[Source "ChessBase"]
[SourceDate "2021.10.24"]
[SourceVersion "1"]
[SourceVersionDate "2021.10.24"]
[SourceQuality "1"]

1. Nf3 d5 2. g3 Nf6 3. Bg2 c5 4. 0-0 e6 5. c4 d4 6. e3 Nc6 7. d3 Bd6 8. exd4 cxd4 9. Bg5 h6 10. Bxf6 Qxf6 11. Nbd2 Qe7 12. a3 a5 13. Ne4 Bc7 14. b4 axb4 15. axb4 Rxa1 16. Qxa1 f5 17. Nc5 Nxb4 18. Qa4+ Kf7 19. Qxb4 Bd6 20. Ne5+ Bxe5 21. Qb5 Bd6 22. Nxb7 Bxb7 23. Bxb7 Rb8 24. Rb1 g5 25. h3 h5 26. Qb6 h4 27. gxh4 gxh4 28. Kf1 1/2-1/2

[Event "SA-2019-0-00707"]
[Site "LSS email"]
[Date "2019.11.28"]
[Round "?"]
[White "Koch, Christian"]
[Black "Zlotkowski, Arkadiusz"]
[Result "1/2-1/2"]
[WhiteElo "2319"]
[BlackElo "2249"]
[PlyCount "47"]
[EventDate "2019.10.28"]
[EventType "tourn (corr)"]
[EventRounds "6"]
[EventCountry "GER"]
[SourceTitle "Corr 2022"]
[Source "ChessBase"]
[SourceDate "2021.10.24"]
[SourceVersion "1"]
[SourceVersionDate "2021.10.24"]
[SourceQuality "1"]

1. e4 c5 2. Nf3 Nc6 3. d4 cxd4 4. Nxd4 Nf6 5. Nc3 e5 6. Ndb5 d6 7. Bg5 a6 8. Na3 b5 9. Nd5 Be7 10. Bxf6 Bxf6 11. c4 b4 12. Nc2 0-0 13. g3 a5 14. Bg2 g6 15. Nxf6+ Qxf6 16. 0-0 h5 17. h4 Bg4 18. Qd2 Kg7 19. Rae1 Rfc8 20. Re3 a4 21. Nxb4 Nd4 22. Nd5 Qd8 23. f3 Be6 24. Rc3 1/2-1/2

[Event "SA-2019-0-00672"]
[Site "LSS email"]
[Date "2019.03.06"]
[Round "?"]
[White "Zlotkowski, Arkadiusz"]
[Black "Eman, Juan"]
[Result "1/2-1/2"]
[WhiteElo "2273"]
[BlackElo "2249"]
[PlyCount "50"]
[EventDate "2019.02.01"]
[EventType "tourn (corr)"]
[EventRounds "6"]
[EventCountry "GER"]
[SourceTitle "Corr 2022"]
[Source "ChessBase"]
[SourceDate "2021.10.24"]
[SourceVersion "1"]
[SourceVersionDate "2021.10.24"]
[SourceQuality "1"]

1. Nf3 d5 2. c4 c6 3. g3 dxc4 4. Bg2 Nf6 5. 0-0 Nbd7 6. Qc2 Nb6 7. Na3 Be6 8. Ng5 Bg4 9. Nxc4 Bxe2 10. Ne5 Bh5 11. Re1 h6 12. Ne4 e6 13. Nxf6+ gxf6 14. Nxc6 bxc6 15. Bxc6+ Nd7 16. Qf5 Bg6 17. Rxe6+ Be7 18. Qxf6 Rg8 19. Re2 Kf8 20. Qf4 Rc8 21. Qxh6+ Rg7 22. d4 Kg8 23. Bb7 Rb8 24. Bg2 Nf6 25. Qe3 Bf8 1/2-1/2